00989cam a2200241 a 4500001000500000005001700005020001800022040002300040050002800063082001800091100002500109245011400134260003400248300004500282505000800327520016000335521002000495521002000515650007400535650005800609650004900667700003100716166520231123101341.0 a9780545591911 aDLCcDLCdDLCbeng00aGV1073.15.C63bL36 201200a796.43aB2231 aLang, Heatherd1966-10aQueen of the track bAlice Coachman, Olympic high-jump champion /cHeather Lang ; illustrated by Floyd Cooper bScholastic,c2012aNew York : a35 pages :bcolor illustrations ;c29 cm aS  aTells the story of Alice Coachman, an athlete from rural Georgia who made history as the first African-American woman to win an Olympic gold medal in 1948.1 a790 bLexile 1 aS bRaz-Plus  0aAfrican American women track and field athletesvJuvenile literature. 0aAfrican American women athletesvJuvenile literature. 0aJumpingzUnited StatesvJuvenile literature.1 aCooper, Floydeillustrator